Score 0/7 Timer 03:00
6 Plays Today
Question Answer Wrong Answers
This space telescope is launched into Earth orbit.
1990
Hubble
88.8%
Discovery
6%
Astron
0.9%
Spitzer
1.2%
The United States Library of Congress is established in this city.
1800
Washington, D.C.
87.7%
Pittsburgh
4.2%
Boston
6.9%
Raleigh
1.2%
This British Prime Minister is knighted by Queen Elizabeth II.
1953
Winston Churchill
85.4%
Neville Chamberlain
7.9%
Clement Attlee
2.9%
Stanley Baldwin
1.7%
This singer, the first winner of American Idol, is born.
1982
Kelly Clarkson
77.9%
Ruben Studdard
3.6%
Carrie Underwood
14.3%
Fantasia Barrino
1.5%
This pope, who would later resign in 2013, is inaugurated.
2005
Benedict XVI
73.6%
John Paul II
13.7%
Francis
6.5%
Paul VI
2.9%
David Bowie marries this model.
1992
Iman
68.9%
Tyra Banks
5.7%
Twiggy
11.3%
Christie Brinkley
10.8%
The Treaty of Berlin is signed by Germany and this other nation.
1926
Soviet Union
38.8%
Austria
23.9%
France
23.3%
Poland
12.9%
Remove Ads.
Support Sporcle.
Get the best of Sporcle when you Go Orange. This ad-free experience offers more features, more stats, and more fun while also helping to support Sporcle. Thank you for becoming a member.

You're not logged in!

Compare scores with friends on all Sporcle quizzes.
OR
Log In

Show Comments

Extras

Top Quizzes Today


Score Distribution

Your Account Isn't Verified!

In order to create a playlist on Sporcle, you need to verify the email address you used during registration. Go to your Sporcle Settings to finish the process.

Report this User

Report this user for behavior that violates our Community Guidelines.

Details: